00331nam a2200121Ia 45000030006000000080041000060400015000471000019000622450081000812600018001625460012001800050017001920STCL150530s9999 xx 000 0 und d aSTCLcSTCL aNagendra Singh aAchievements of unctad 1964 unctad-II in the field of shipping and invisible bS.Chandc1969 aEnglish20220125165514.0